00259nam a22000977a 4500008004100000020001500041082002100056245003600077260004000113300000800153230621b xxu||||| |||| 00| 0 eng d a0662575857 a328.30bHOC 1990 aPrivilege in the Modern Context bClerk of the House of Commonsc1990 a28p